[Event "Lipperland op 13th"]
[White "Soelter, Reinhold"]
[Black "Perk, Egbert"]
[Site "Doerentrup"]
[Round "4"]
[Result "0-1"]
[Date "2014.06.05"]
[WhiteElo "2051"]
[BlackElo "1933"]
[PlyCount "44"]
[EventDate "2014.05.30"]
[EventType "swiss"]
[EventRounds "9"]
[EventCountry "GER"]
[SourceTitle "EXT 2019"]
[Source "ChessBase"]
[SourceDate "2018.10.10"]
[SourceVersion "1"]
[SourceVersionDate "2018.10.10"]
[SourceQuality "1"]

1. e4 d6 2. d4 Nf6 3. Nc3 g6 4. f4 Bg7 5. Nf3 c6 6. Be2 Qc7 7. 0-0 0-0 8. e5 Ne8 9. Ne4 d5 10. Nf2 h6 11. g4 c5 12. Kh1 cxd4 13. Nxd4 Nc6 14. Nb5 Qd8 15. Bf3 a6 16. Nd4 Nc7 17. Nxc6 bxc6 18. Nd3 a5 19. a4 Na6 20. Be3 Rb8 21. b3 d4 22. Qd2 dxe3 0-1

[Event "Lipperland op 13th"]
[White "Soelter, Reinhold"]
[Black "Gerhards, Walter"]
[Site "Doerentrup"]
[Round "2"]
[Result "0-1"]
[Date "2014.05.31"]
[WhiteElo "2051"]
[BlackElo "1898"]
[PlyCount "52"]
[EventDate "2014.05.30"]
[EventType "swiss"]
[EventRounds "9"]
[EventCountry "GER"]
[SourceTitle "EXT 2019"]
[Source "ChessBase"]
[SourceDate "2018.10.10"]
[SourceVersion "1"]
[SourceVersionDate "2018.10.10"]
[SourceQuality "1"]

1. e4 e5 2. f4 d5 3. exd5 exf4 4. Nf3 Qxd5 5. Nc3 Qd6 6. Be2 Nf6 7. d4 Bd7 8. 0-0 Be7 9. Ne5 g5 10. Nc4 Qe6 11. d5 Qf5 12. Bd3 Qg4 13. Qe1 Kf8 14. Ne5 Qh5 15. Nf3 Bd6 16. Ne4 Nxe4 17. Bxe4 Bb5 18. Bd3 Bxd3 19. cxd3 Nd7 20. Qc3 Rg8 21. Bd2 g4 22. Ne1 f3 23. g3 Re8 24. Nc2 Re2 25. h4 Rg2+ 26. Kh1 Bxg3 0-1

[Event "Lippe Cup A 9th"]
[White "Henkemeier, Markus"]
[Black "Soelter, Reinhold"]
[Site "Lieme"]
[Round "5"]
[Result "1-0"]
[Date "2012.10.14"]
[WhiteElo "1952"]
[BlackElo "2086"]
[PlyCount "67"]
[EventDate "2012.10.12"]
[EventType "swiss"]
[EventRounds "5"]
[EventCountry "GER"]
[SourceTitle "EXT 2014"]
[Source "ChessBase"]
[SourceDate "2013.11.20"]
[SourceVersion "1"]
[SourceVersionDate "2013.11.20"]
[SourceQuality "1"]

1. e4 e5 2. Bc4 Nf6 3. Nc3 Nc6 4. d3 Bb4 5. Nge2 d5 6. exd5 Nxd5 7. 0-0 Bxc3 8. Nxc3 Nxc3 9. bxc3 0-0 10. Be3 Kh8 11. f4 Qe7 12. f5 Bd7 13. Qe1 Na5 14. Bd5 Bc6 15. Bxc6 Nxc6 16. Qf2 Rg8 17. Bc5 Qf6 18. Rae1 b6 19. Be3 Rad8 20. h4 Qd6 21. f6 gxf6 22. Qxf6+ Qxf6 23. Rxf6 Rd6 24. Rxf7 Nd8 25. Rxc7 Rdg6 26. Re2 Ne6 27. Rxa7 Nf4 28. Bxf4 exf4 29. Rf7 Rg4 30. h5 Ra8 31. Ree7 Rxa2 32. Rf8+ Rg8 33. Rxg8+ Kxg8 34. Re2 1-0

[Event "Lippe Cup-A 08th"]
[White "Schalow, Daniel"]
[Black "Soelter, Reinhold"]
[Site "Lieme"]
[Round "5"]
[Result "1/2-1/2"]
[Date "2011.10.30"]
[WhiteElo "2128"]
[BlackElo "2072"]
[PlyCount "94"]
[EventDate "2011.10.28"]
[EventType "swiss"]
[EventRounds "5"]
[EventCountry "GER"]
[SourceTitle "EXT 2012"]
[Source "ChessBase"]
[SourceDate "2011.11.24"]
[SourceVersion "1"]
[SourceVersionDate "2011.11.24"]
[SourceQuality "1"]

1. c4 c5 2. Nf3 Nf6 3. Nc3 d5 4. cxd5 Nxd5 5. g3 Nc6 6. Bg2 Nc7 7. 0-0 e5 8. d3 Be7 9. Be3 0-0 10. Nd2 Bg4 11. Nb3 Ne6 12. h3 Bh5 13. Nd5 Bd6 14. Rc1 Ncd4 15. Nc3 Rb8 16. g4 Bg6 17. Ne4 b6 18. Nxd6 Qxd6 19. Nd2 Rbd8 20. Nc4 Qb8 21. Bxd4 Rxd4 22. Rc3 e4 23. f4 f5 24. e3 Rxd3 25. Rxd3 exd3 26. Bd5 Re8 27. Ne5 fxg4 28. Nxg6 hxg6 29. hxg4 Qd6 30. Qxd3 Kf8 31. Qb3 Nc7 32. Bg2 Qd2 33. e4 Rd8 34. Qh3 Qxb2 35. f5 Qd4+ 36. Kh1 g5 37. Bf3 Qe5 38. Qg2 Rd6 39. Rd1 Rxd1+ 40. Bxd1 Nb5 41. Bf3 Nd4 42. Qh3 c4 43. Bg2 b5 44. Qh8+ Ke7 45. Qc8 Qd6 46. e5 Qxe5 47. Qb7+ Kd8 1/2-1/2

[Event "Lippe Cup 05th"]
[White "Altenbernd, Dirk"]
[Black "Soelter, Reinhold"]
[Site "Lieme"]
[Round "5"]
[Result "1-0"]
[Date "2008.09.28"]
[WhiteElo "1991"]
[BlackElo "2121"]
[PlyCount "78"]
[EventDate "2008.09.26"]
[EventType "swiss"]
[EventRounds "5"]
[EventCountry "GER"]
[SourceTitle "EXT 2012"]
[Source "ChessBase"]
[SourceDate "2011.11.24"]
[SourceVersion "1"]
[SourceVersionDate "2011.11.24"]
[SourceQuality "1"]

1. c4 e5 2. Nc3 Nc6 3. g3 Nf6 4. Bg2 Bb4 5. Nf3 0-0 6. 0-0 Re8 7. Nd5 a5 8. d3 h6 9. Ne1 Bc5 10. Nc2 d6 11. Nce3 Nd4 12. Nxf6+ Qxf6 13. Nd5 Qd8 14. e3 Ne6 15. Bd2 c6 16. Nc3 Ba7 17. a3 Bd7 18. b4 Bb8 19. Qc2 Bc7 20. Ne2 axb4 21. axb4 Bb6 22. Bc3 Ng5 23. Rxa8 Qxa8 24. h4 Nh7 25. d4 exd4 26. Nxd4 Qc8 27. Be4 Nf6 28. Bf5 Bxd4 29. Bxd7 Qxd7 30. Bxd4 Ne4 31. Kg2 c5 32. bxc5 dxc5 33. Ba1 Nd2 34. Rc1 Qc6+ 35. Kg1 Nf3+ 36. Kf1 Nd4 37. Bxd4 cxd4 38. e4 Rxe4 39. Re1 f5 1-0

[Event "Lippe Cup 05th"]
[White "Soelter, Reinhold"]
[Black "Szobries, Harald"]
[Site "Lieme"]
[Round "2"]
[Result "0-1"]
[Date "2008.09.27"]
[WhiteElo "2121"]
[BlackElo "1923"]
[PlyCount "76"]
[EventDate "2008.09.26"]
[EventType "swiss"]
[EventRounds "5"]
[EventCountry "GER"]
[SourceTitle "EXT 2012"]
[Source "ChessBase"]
[SourceDate "2011.11.24"]
[SourceVersion "1"]
[SourceVersionDate "2011.11.24"]
[SourceQuality "1"]

1. e4 e6 2. d4 d5 3. e5 c5 4. c3 Nc6 5. Nf3 Qb6 6. Be2 Nh6 7. Na3 cxd4 8. cxd4 Bxa3 9. bxa3 Nf5 10. 0-0 Nfxd4 11. Be3 Nxf3+ 12. gxf3 Qd8 13. f4 d4 14. Bc1 0-0 15. Bd3 f5 16. exf6 Qxf6 17. Qc2 Qh4 18. Be4 Bd7 19. Qb3 Ne5 20. Qg3 Qxg3+ 21. hxg3 Bc6 22. Bxc6 Nxc6 23. Re1 Kf7 24. Rb1 Rab8 25. Rb5 Rfd8 26. Bd2 Rd7 27. Kg2 Rc8 28. f5 e5 29. g4 Re8 30. f3 h6 31. Kf2 Kf6 32. Re4 Kf7 33. a4 d3 34. Rb3 Ree7 35. Ke3 Nd4 36. Rxd3 Nc2+ 37. Ke2 Nd4+ 38. Ke3 Nxf3 0-1

[Event "Lippe Cup 04th"]
[White "Kewe, Ludger"]
[Black "Soelter, Reinhold"]
[Site "Lieme"]
[Round "5"]
[Result "0-1"]
[Date "2007.09.30"]
[WhiteElo "1911"]
[BlackElo "2142"]
[PlyCount "76"]
[EventDate "2007.09.28"]
[EventType "swiss"]
[EventRounds "5"]
[EventCountry "GER"]
[SourceTitle "EXT 2012"]
[Source "ChessBase"]
[SourceDate "2011.11.24"]
[SourceVersion "1"]
[SourceVersionDate "2011.11.24"]
[SourceQuality "1"]

1. e4 b6 2. Nc3 Bb7 3. f4 e6 4. Nf3 a6 5. d3 d6 6. Be3 Nf6 7. h3 Nh5 8. Ne2 f5 9. Ng5 Qe7 10. exf5 exf5 11. Kf2 h6 12. Nf3 g5 13. Nfd4 gxf4 14. Bxf4 Nd7 15. Qd2 0-0-0 16. Rg1 Qf6 17. c3 Ne5 18. Bh2 Be7 19. Ke1 c5 20. Nb3 Qf7 21. Kd1 c4 22. Nbc1 cxd3 23. Nxd3 Nc4 24. Qe1 Bg5 25. Kc2 Be4 26. Nd4 Be3 27. b3 Bxg1 28. Bxg1 Ne5 29. Rd1 Nf4 30. Qe3 Nfxd3 31. Bxd3 Nxd3 32. Rxd3 Rde8 33. Kb2 Bxd3 34. Qxd3 Qb7 35. Nxf5 Qxg2+ 36. Ka3 Qxg1 37. Nxd6+ Kb8 38. Qd5 Qc5+ 0-1

[Event "Lippe Cup 04th"]
[White "Soelter, Reinhold"]
[Black "Elefteriadis, Paul Gabriel"]
[Site "Lieme"]
[Round "2"]
[Result "0-1"]
[Date "2007.09.29"]
[WhiteElo "2142"]
[BlackElo "1971"]
[PlyCount "106"]
[EventDate "2007.09.28"]
[EventType "swiss"]
[EventRounds "5"]
[EventCountry "GER"]
[SourceTitle "EXT 2012"]
[Source "ChessBase"]
[SourceDate "2011.11.24"]
[SourceVersion "1"]
[SourceVersionDate "2011.11.24"]
[SourceQuality "1"]

1. e4 c5 2. Nf3 e6 3. d4 cxd4 4. Nxd4 Nc6 5. Nc3 Qc7 6. Be3 Nf6 7. Be2 a6 8. 0-0 Bb4 9. Na4 Be7 10. Nb6 Qxb6 11. Nxe6 Qa5 12. Nxg7+ Kf8 13. Bh6 Kg8 14. Nf5 Bf8 15. Bxf8 Nxe4 16. Nd6 Kxf8 17. Nxe4 d5 18. Ng5 Bf5 19. b4 Qd8 20. f4 h6 21. Nf3 Rg8 22. c3 Qb6+ 23. Rf2 Re8 24. a4 Be4 25. b5 Ne7 26. bxa6 bxa6 27. Qd4 Qe6 28. Bf1 Nf5 29. Qc5+ Kg7 30. Nd4 Nxd4 31. Qxd4+ Kh7 32. Re1 Qg6 33. Re3 Qc6 34. Rg3 Rxg3 35. hxg3 Rg8 36. Qe3 Qg6 37. Rb2 Qxg3 38. Qxg3 Rxg3 39. Rb6 Rxc3 40. Rxa6 Rc1 41. Rd6 Bd3 42. Rxd5 Rxf1+ 43. Kh2 Be4 44. Rd4 f5 45. Kg3 Ra1 46. Kh4 Bxg2 47. Rd7+ Kg6 48. Rd6+ Kf7 49. Kg3 Be4 50. Rxh6 Rxa4 51. Kh4 Ra1 52. Rd6 Rh1+ 53. Kg3 Rf1 0-1

[Event "Lippe Cup 04th"]
[White "Wittke, Rene"]
[Black "Soelter, Reinhold"]
[Site "Lieme"]
[Round "3"]
[Result "1-0"]
[Date "2007.09.29"]
[WhiteElo "1921"]
[BlackElo "2142"]
[PlyCount "97"]
[EventDate "2007.09.28"]
[EventType "swiss"]
[EventRounds "5"]
[EventCountry "GER"]
[SourceTitle "EXT 2012"]
[Source "ChessBase"]
[SourceDate "2011.11.24"]
[SourceVersion "1"]
[SourceVersionDate "2011.11.24"]
[SourceQuality "1"]

1. e4 e5 2. d4 exd4 3. Nf3 Nc6 4. Bc4 Nf6 5. e5 d5 6. Bb5 Ne4 7. Nxd4 Bc5 8. Be3 Bd7 9. Bxc6 bxc6 10. 0-0 0-0 11. Nd2 Nxd2 12. Qxd2 Qe7 13. Nb3 Bb6 14. Rfe1 a5 15. Rad1 a4 16. Nd4 c5 17. Bg5 Qe8 18. Bf6 h6 19. Re3 gxf6 20. exf6 Kh7 21. Qd3+ Kh8 22. Rxe8 Rfxe8 23. Nf5 Re6 24. Qg3 Rg8 25. Qh4 Rg6 26. Nxh6 Re4 27. Nxf7+ Kg8 28. Qh8+ Kxf7 29. Qh7+ Kxf6 30. Qxd7 d4 31. Qd5 Re5 32. Qd8+ Kf7 33. Qd7+ Re7 34. Qd5+ Kg7 35. g3 Rf6 36. Qg5+ Kf7 37. h4 c6 38. Kf1 c4 39. Re1 Rxe1+ 40. Kxe1 d3 41. cxd3 cxd3 42. Qh5+ Ke6 43. f4 Bd4 44. Kd2 Bxb2 45. Kxd3 a3 46. Qe8+ Kd6 47. Kc4 Kc7 48. Qe7+ Kb6 49. h5 1-0

[Event "Lippe Cup 03rd"]
[White "Krueger, Tim"]
[Black "Soelter, Reinhold"]
[Site "Lieme"]
[Round "1"]
[Result "1-0"]
[Date "2006.10.06"]
[WhiteElo "1959"]
[BlackElo "2164"]
[PlyCount "121"]
[EventDate "2006.10.06"]
[EventType "swiss"]
[EventRounds "5"]
[EventCountry "GER"]
[SourceTitle "EXT 2012"]
[Source "ChessBase"]
[SourceDate "2011.11.24"]
[SourceVersion "1"]
[SourceVersionDate "2011.11.24"]
[SourceQuality "1"]

1. Nf3 c5 2. c4 Nf6 3. e3 e6 4. b3 Be7 5. Bb2 0-0 6. Be2 d5 7. 0-0 Nc6 8. cxd5 Nxd5 9. d4 cxd4 10. Nxd4 Bd7 11. Nc3 Rc8 12. Nxd5 exd5 13. Bf3 Qa5 14. a3 Rfd8 15. b4 Qb6 16. Bxd5 Ne5 17. Qb3 Qg6 18. Rfc1 Rxc1+ 19. Rxc1 Bd6 20. Nf3 Nxf3+ 21. Bxf3 Be6 22. Qc2 Bf5 23. e4 Be6 24. g3 h5 25. Rd1 Rc8 26. Qe2 Bb3 27. Rd2 h4 28. Bh5 Qh6 29. Bf3 hxg3 30. hxg3 Bc4 31. Qd1 Be7 32. Rc2 b5 33. Bc1 Qe6 34. Bg4 Qc6 35. Bxc8 Qxc8 36. f3 Qb8 37. Bf4 Qb6+ 38. Kg2 Kh7 39. Qh1+ Kg8 40. Qh5 Qd4 41. Rf2 Qd3 42. Bg5 Bf8 43. Bc1 g6 44. Qg5 Bg7 45. Qd2 Qb1 46. Qc2 Qa1 47. Bb2 Qe1 48. Qc1 Qxc1 49. Bxc1 Kf8 50. Bb2 Bh6 51. f4 f5 52. Kf3 Ke7 53. Rh2 Bf8 54. Rh8 fxe4+ 55. Kxe4 Kf7 56. Rh7+ Ke6 57. Rxa7 Bd5+ 58. Ke3 Kf5 59. Be5 g5 60. Ra6 Be7 61. Bd6 1-0

[Event "Lippe Cup 02nd"]
[White "Soelter, Reinhold"]
[Black "Calder, Dennis"]
[Site "Lieme"]
[Round "2"]
[Result "0-1"]
[Date "2005.10.08"]
[WhiteElo "1992"]
[BlackElo "2030"]
[PlyCount "89"]
[EventDate "2005.10.07"]
[EventType "swiss"]
[EventRounds "5"]
[EventCountry "GER"]
[SourceTitle "EXT 2012"]
[Source "ChessBase"]
[SourceDate "2011.11.24"]
[SourceVersion "1"]
[SourceVersionDate "2011.11.24"]
[SourceQuality "1"]

1. e4 Nf6 2. e5 Nd5 3. Nc3 Nxc3 4. bxc3 c5 5. Nf3 Nc6 6. Bb5 Qc7 7. Qe2 e6 8. 0-0 a6 9. Bxc6 Qxc6 10. a4 b6 11. c4 Bb7 12. d3 Be7 13. Bd2 g5 14. Ne1 h5 15. f4 g4 16. f5 Bh4 17. fxe6 fxe6 18. Rb1 0-0-0 19. a5 b5 20. d4 bxc4 21. Rb6 Qd5 22. Rd6 Qe4 23. Qxe4 Bxe4 24. c3 Bc6 25. Nc2 Rhf8 26. g3 Rxf1+ 27. Kxf1 Rf8+ 28. Ke2 Be7 29. dxc5 Bxd6 30. cxd6 Rf3 31. Ne1 Rf5 32. Bf4 h4 33. Ke3 hxg3 34. hxg3 Kb7 35. Nc2 Rh5 36. Na3 Bd5 37. Kd4 Kc6 38. Nxc4 Bxc4 39. Kxc4 Rh1 40. Bg5 Ra1 41. Bd8 Ra4+ 42. Kd3 Kd5 43. Bf6 Rxa5 44. c4+ Kc5 45. Ke4 0-1

[Event "Lipperland Seniors op 4th"]
[White "Bucher, Rolf"]
[Black "Soelter, Reinhold"]
[Site "Doerentrup"]
[Round "9.6"]
[Result "1/2-1/2"]
[Date "2005.06.03"]
[WhiteElo "2089"]
[BlackElo "1978"]
[PlyCount "81"]
[EventDate "2005.05.26"]
[EventType "swiss"]
[EventRounds "9"]
[EventCountry "GER"]
[SourceTitle "EXT 2006"]
[Source "ChessBase"]
[SourceDate "2005.11.24"]
[SourceVersion "1"]
[SourceVersionDate "2005.11.24"]
[SourceQuality "1"]

1. c4 c5 2. Nf3 Nf6 3. Nc3 Nc6 4. e3 e6 5. Be2 d5 6. d4 Be7 7. 0-0 0-0 8. b3 b6 9. Bb2 Bb7 10. cxd5 exd5 11. Rc1 Rc8 12. Re1 Bd6 13. Nb5 Be7 14. Nc3 Re8 15. Bd3 Bd6 16. Bf5 Rb8 17. h3 Ne7 18. Bd3 Rc8 19. e4 Bf4 20. Ra1 cxd4 21. Nxd4 Be5 22. Bb1 dxe4 23. Nxe4 Bxe4 24. Bxe4 Nxe4 25. Rxe4 Qd5 26. Qe2 Ng6 27. Re1 f6 28. Bc1 Red8 29. Nf3 Bc3 30. Rf1 a5 31. Re6 b5 32. Rb6 Rb8 33. Rxb8 Rxb8 34. Rd1 Qc6 35. Qd3 a4 36. Nd4 Bxd4 37. Qxd4 axb3 38. axb3 Rc8 39. Be3 Qb7 40. Qd5+ Qxd5 41. Rxd5 1/2-1/2

[Event "Lipperland Seniors op 4th"]
[White "Soelter, Reinhold"]
[Black "Budt, Karl Heinz"]
[Site "Doerentrup"]
[Round "2.4"]
[Result "1/2-1/2"]
[Date "2005.05.27"]
[WhiteElo "1978"]
[BlackElo "2124"]
[PlyCount "27"]
[EventDate "2005.05.26"]
[EventType "swiss"]
[EventRounds "9"]
[EventCountry "GER"]
[SourceTitle "EXT 2006"]
[Source "ChessBase"]
[SourceDate "2005.11.24"]
[SourceVersion "1"]
[SourceVersionDate "2005.11.24"]
[SourceQuality "1"]

1. Nf3 Nf6 2. c4 e6 3. g3 b6 4. Bg2 Bb7 5. 0-0 Be7 6. Nc3 0-0 7. d3 c5 8. Bg5 d6 9. a3 Nbd7 10. Rb1 h6 11. Bd2 a6 12. b4 Qc7 13. Ne1 Bxg2 14. Nxg2 1/2-1/2

[Event "Lippe Cup 01st"]
[White "Cinar, Kasim"]
[Black "Soelter, Reinhold"]
[Site "Lieme"]
[Round "1"]
[Result "1-0"]
[Date "2004.10.22"]
[WhiteElo "1702"]
[BlackElo "1999"]
[PlyCount "112"]
[EventDate "2004.10.22"]
[EventType "swiss"]
[EventRounds "5"]
[EventCountry "GER"]
[SourceTitle "EXT 2012"]
[Source "ChessBase"]
[SourceDate "2011.11.24"]
[SourceVersion "1"]
[SourceVersionDate "2011.11.24"]
[SourceQuality "1"]

1. d4 Nf6 2. f4 d5 3. Nf3 e6 4. e3 Be7 5. Bd3 c5 6. c3 0-0 7. 0-0 Ne4 8. Nbd2 f5 9. Ne5 Nd7 10. Ndf3 Ndf6 11. Bd2 Bd6 12. Be1 Qe8 13. Bh4 b5 14. Qe2 Rb8 15. h3 a5 16. g4 c4 17. Bxe4 Nxe4 18. Ng5 Nf6 19. gxf5 exf5 20. Kh2 b4 21. Qg2 Qh5 22. Ngf3 Ne4 23. Rg1 Qh6 24. Bg5 Nxg5 25. Nxg5 Rb5 26. cxb4 axb4 27. a4 bxa3 28. bxa3 Bxe5 29. dxe5 d4 30. exd4 Bb7 31. Qe2 Qc6 32. Rab1 Rb3 33. Rbc1 Rc8 34. Rg3 Rxg3 35. Kxg3 h6 36. Nf3 g5 37. fxg5 hxg5 38. Nxg5 Kg7 39. h4 f4+ 40. Kxf4 Qb6 41. Qd2 Qb3 42. Qc3 Qa2 43. Qc2 Rf8+ 44. Kg4 Bc8+ 45. e6 Qxc2 46. Rxc2 Ba6 47. d5 Rc8 48. d6 Bb5 49. d7 Ra8 50. Rb2 Ba4 51. Rb4 Bd1+ 52. Kf4 c3 53. e7 c2 54. Rc4 Ra4 55. Rxa4 c1Q+ 56. Ke4 Qc6+ 1-0

[Event "Lipperland Seniors op 2nd"]
[White "Schmitzer, Horst"]
[Black "Soelter, Reinhold"]
[Site "Doerentrup"]
[Round "6.2"]
[Result "1/2-1/2"]
[Date "2003.06.03"]
[WhiteElo "2033"]
[BlackElo "2034"]
[PlyCount "61"]
[EventDate "2003.05.30"]
[EventType "swiss"]
[EventRounds "9"]
[EventCountry "GER"]
[SourceTitle "EXT 2004"]
[Source "ChessBase"]
[SourceDate "2003.11.25"]
[SourceVersion "1"]
[SourceVersionDate "2003.11.25"]
[SourceQuality "1"]

1. Nf3 Nf6 2. d4 e6 3. Bg5 c5 4. c3 h6 5. Bh4 cxd4 6. cxd4 Qb6 7. Qc2 Nc6 8. e3 d5 9. Nc3 Ne4 10. Nxe4 dxe4 11. Nd2 Bb4 12. Be2 0-0 13. 0-0 Bxd2 14. Qxd2 Bd7 15. Rac1 f5 16. Bg3 Rac8 17. Rc3 Nb4 18. a3 Nd5 19. Rxc8 Rxc8 20. Rc1 Rxc1+ 21. Qxc1 f4 22. Bxf4 Nxf4 23. exf4 Qxd4 24. Qc3 Qxc3 25. bxc3 Kf7 26. Kf1 Ke7 27. Ke1 Kd6 28. Kd2 e5 29. Ke3 exf4+ 30. Kxf4 Kd5 31. g3 1/2-1/2

[Event "Lipperland Seniors op 2nd"]
[White "Soelter, Reinhold"]
[Black "Weber, Gerhard2"]
[Site "Doerentrup"]
[Round "5.4"]
[Result "1-0"]
[Date "2003.06.02"]
[WhiteElo "2034"]
[BlackElo "1898"]
[PlyCount "69"]
[EventDate "2003.05.30"]
[EventType "swiss"]
[EventRounds "9"]
[EventCountry "GER"]
[SourceTitle "EXT 2004"]
[Source "ChessBase"]
[SourceDate "2003.11.25"]
[SourceVersion "1"]
[SourceVersionDate "2003.11.25"]
[SourceQuality "1"]

1. e4 c5 2. Nf3 Nc6 3. d4 cxd4 4. Nxd4 Nf6 5. Nc3 e5 6. Ndb5 d6 7. Bg5 a6 8. Na3 b5 9. Bxf6 gxf6 10. Nd5 Be6 11. c3 Bg7 12. Nc2 f5 13. exf5 Bxf5 14. Nce3 Be6 15. Qh5 Ne7 16. Nxe7 Qxe7 17. Bd3 0-0-0 18. a4 Qb7 19. axb5 d5 20. 0-0 Rd6 21. bxa6 Qa7 22. Ra5 e4 23. Be2 d4 24. Nf5 Bxf5 25. Qxf5+ Kd8 26. Rd5 Ke7 27. Rxd6 Kxd6 28. Qxe4 Rb8 29. b4 f5 30. Qf4+ Ke7 31. Bc4 dxc3 32. Qxf5 Bd4 33. Re1+ Kd8 34. Qf8+ Kc7 35. Qf7+ 1-0

[Event "Lipperland Seniors op 2nd"]
[White "Soelter, Reinhold"]
[Black "Braeu, Ludwig"]
[Site "Doerentrup"]
[Round "3.4"]
[Result "1-0"]
[Date "2003.06.01"]
[WhiteElo "2034"]
[BlackElo "1838"]
[PlyCount "23"]
[EventDate "2003.05.30"]
[EventType "swiss"]
[EventRounds "9"]
[EventCountry "GER"]
[SourceTitle "EXT 2004"]
[Source "ChessBase"]
[SourceDate "2003.11.25"]
[SourceVersion "1"]
[SourceVersionDate "2003.11.25"]
[SourceQuality "1"]

1. e4 c5 2. Nf3 Nc6 3. d4 cxd4 4. Nxd4 g6 5. Nc3 Bg7 6. Be3 Nf6 7. f3 Qb6 8. Nf5 Qxb2 9. Nxg7+ Kf8 10. Na4 Qa3 11. c3 d6 12. Bc1 1-0

[Event "GER-chT Seniors 11th"]
[White "Hanke, Leonhard"]
[Black "Soelter, Reinhold"]
[Site "Bad Segeberg"]
[Round "7.4"]
[Result "0-1"]
[Date "2002.08.12"]
[WhiteElo "1849"]
[BlackElo "2021"]
[PlyCount "71"]
[EventDate "2002.08.06"]
[EventType "team-tourn"]
[EventRounds "7"]
[EventCountry "GER"]
[SourceTitle "EXT 2003"]
[Source "ChessBase"]
[SourceDate "2002.11.25"]
[SourceVersion "1"]
[SourceVersionDate "2002.11.25"]
[SourceQuality "1"]
[WhiteTeam "Baden II"]
[BlackTeam "Nordrhein Westfalen II"]
[WhiteTeamCountry "GER"]
[BlackTeamCountry "GER"]

1. e4 e5 2. Nf3 Nc6 3. Nc3 f5 4. d4 exd4 5. Nxd4 Nf6 6. Nxc6 bxc6 7. exf5 d5 8. Bd3 Bd6 9. Qf3 0-0 10. 0-0 Rb8 11. b3 Rb4 12. h3 Nd7 13. g4 Ne5 14. Qg2 h5 15. f4 Nxd3 16. cxd3 hxg4 17. hxg4 Bc5+ 18. Kh2 Ba6 19. Rf3 Bd4 20. Bd2 Qf6 21. Rc1 Rbb8 22. Ne2 Bb6 23. Bc3 d4 24. Be1 c5 25. Ng3 Bb7 26. Ne4 Qe7 27. Rh3 Rfe8 28. Qg3 Bxe4 29. Qh4 Qxh4 30. Rxh4 Bxd3 31. Kg3 Re3+ 32. Kg2 Be4+ 33. Kh2 d3 34. Bf2 Re2 35. Kg3 d2 36. Rd1 0-1

[Event "GER-chT Seniors 11th"]
[White "Soelter, Reinhold"]
[Black "Gretzer, Otmar"]
[Site "Bad Segeberg"]
[Round "4.4"]
[Result "0-1"]
[Date "2002.08.09"]
[WhiteElo "2021"]
[BlackElo "2165"]
[PlyCount "119"]
[EventDate "2002.08.06"]
[EventType "team-tourn"]
[EventRounds "7"]
[EventCountry "GER"]
[SourceTitle "EXT 2003"]
[Source "ChessBase"]
[SourceDate "2002.11.25"]
[SourceVersion "1"]
[SourceVersionDate "2002.11.25"]
[SourceQuality "1"]
[WhiteTeam "Nordrhein Westfalen II"]
[BlackTeam "Bayern Muenchen"]
[WhiteTeamCountry "GER"]
[BlackTeamCountry "GER"]

1. c4 c6 2. e4 d5 3. exd5 cxd5 4. cxd5 Qxd5 5. Nc3 Qa5 6. Bc4 Nf6 7. d4 e6 8. Nf3 Be7 9. 0-0 0-0 10. Re1 Rd8 11. Bf4 Nc6 12. Nb5 Rd7 13. Ne5 Nxe5 14. Bxe5 a6 15. Nc3 b5 16. Bd3 Bb7 17. a3 Qd8 18. Re3 g6 19. Rh3 Bf8 20. Qe2 Bg7 21. Rd1 Rc8 22. Bb1 Bd5 23. Nxd5 Rxd5 24. Ba2 Rd7 25. Bb3 Ne8 26. Rhd3 Nf6 27. h3 Nd5 28. Qe4 Qe7 29. Qe1 Rcd8 30. Qa5 Ra8 31. Bg3 Qd8 32. Qe1 Rc8 33. Rc1 Rxc1 34. Qxc1 Nb6 35. Qc6 Bxd4 36. Rxd4 Rxd4 37. Bc7 Rd1+ 38. Kh2 Qa8 39. Qxb6 Rd2 40. Be5 Qc8 41. Qe3 Rd7 42. Bf6 Rc7 43. Bc3 Rc5 44. f4 Qc7 45. Ba5 Qc8 46. Bd1 Rc4 47. Bc3 Qc7 48. g3 Qd6 49. Bf3 h5 50. h4 Qc7 51. Be2 Rc5 52. Qd4 e5 53. fxe5 Qe7 54. Bf3 Rc4 55. Qd6 Qa7 56. Bg2 Qe3 57. e6 Rxc3 58. exf7+ Kxf7 59. bxc3 Qe2 60. Qxa6 0-1

[Event "GER-chT Seniors 11th"]
[White "Tischner, Manfred"]
[Black "Soelter, Reinhold"]
[Site "Bad Segeberg"]
[Round "1.4"]
[Result "1/2-1/2"]
[Date "2002.08.06"]
[WhiteElo "1853"]
[BlackElo "2021"]
[PlyCount "51"]
[EventDate "2002.08.06"]
[EventType "team-tourn"]
[EventRounds "7"]
[EventCountry "GER"]
[SourceTitle "EXT 2003"]
[Source "ChessBase"]
[SourceDate "2002.11.25"]
[SourceVersion "1"]
[SourceVersionDate "2002.11.25"]
[SourceQuality "1"]
[WhiteTeam "Thueringen II"]
[BlackTeam "Nordrhein Westfalen II"]
[WhiteTeamCountry "GER"]
[BlackTeamCountry "GER"]

1. e4 e5 2. Nf3 Nc6 3. d4 exd4 4. Bc4 Nf6 5. e5 d5 6. Bb5 Ne4 7. Nxd4 Bc5 8. 0-0 Bd7 9. Bxc6 bxc6 10. c3 0-0 11. Nd2 Qe7 12. Nxe4 dxe4 13. Bf4 Bb6 14. Qc2 c5 15. Ne2 Bc6 16. c4 f6 17. exf6 Qxf6 18. Be3 Rae8 19. a4 a5 20. Rfd1 Bb7 21. Ng3 Qg6 22. Rd2 h5 23. h4 Qg4 24. Qd1 Qxh4 25. Qxh5 Qxh5 26. Nxh5 1/2-1/2

[Event "Nordrhein Westfalen-ch Seniors 13th"]
[White "Soelter, Reinhold"]
[Black "Goy, Udo"]
[Site "Bad Salzuflen"]
[Round "4"]
[Result "1/2-1/2"]
[Date "2002.06.11"]
[WhiteElo "2075"]
[BlackElo "2191"]
[PlyCount "60"]
[EventDate "2002.06.??"]
[EventType "swiss"]
[EventRounds "9"]
[EventCountry "GER"]
[SourceTitle "EXT 2006"]
[Source "ChessBase"]
[SourceDate "2005.11.24"]
[SourceVersion "1"]
[SourceVersionDate "2005.11.24"]
[SourceQuality "1"]

1. e4 g6 2. d4 Bg7 3. Nc3 c6 4. Nf3 Nf6 5. h3 0-0 6. Be2 d6 7. 0-0 Nbd7 8. a4 e5 9. Be3 h6 10. Qd2 Kh7 11. Rad1 Qe7 12. d5 cxd5 13. Nxd5 Nxd5 14. Qxd5 Nf6 15. Qxd6 Qxd6 16. Rxd6 Nxe4 17. Rdd1 b6 18. Bb5 Rb8 19. Rfe1 Bb7 20. Rd7 Nf6 21. Nxe5 Nxd7 22. Nxd7 Bxb2 23. Nxb8 Rxb8 24. Bf4 Rc8 25. Re7 Bd5 26. Bd3 a6 27. Rc7 Rxc7 28. Bxc7 Bc6 29. Bxb6 Bxa4 30. c4 Bc6 1/2-1/2